000 00918nam a2200301 a 4500
001 200466509
003 TR-AnTOB
005 20251211105255.0
007 t
008 210312s[t.y$$$$tu#a###$r01###$$$$#tur u
040 _btur
_erda
_cTR
041 0 _atur
044 _ctu
090 1 0 _a956.0743
_bÇANa [t.y.] H.Ağca
245 1 _aÇanakkale Kahramanı Mustafa Kemal: “Ben Size Taarruzu Değil Ölmeyi Emrediyorum” Cilt/2
_chaz. Faruk Demir.
260 1 _aİstanbul
_bAtakitabevi
_c[t.y.]
264 1 _aİstanbul :
_bAtakitabevi,
_c[t.y.].
300 _a223 s. :
_bfotoğ. ;
_c19 sm..
336 _ametin
_btxt
_2rdacontent
337 _aaracısız
_bn
_2rdamedia
338 _acilt
_bnc
_2rdacarrier
650 0 _aAtatürk, Mustafa Kemal
650 0 _aOsmanlı İmparatorluğu - Tarih, Çanakkale Savaşları
902 _a0100031
942 _2lcc
_cBK
999 _c200466509
_d84721